000
00294nam a22001097a 4500
008
160506b xxu||||| |||| 00| 0 eng d
020
_a
0964615142
041
_a
eng
080
_a
61
245
_a
Clinical Guidelines in child health:
_c
Mary Virginia Graham; Constance R. Uphold;
942
_2
udc
_c
BK
999
_c
1848
_d
1848